00507cam a22001097a 4500008004000000082002000040100005200060245018900112260005000301300001100351700003500362180718b1969 xxu||||| |||| 00| 0 eng d aB706x42 Un3/WeS aRoyal Commission on Local Government in England aRoyal Commission on Local Government in England: written evidence (including supplemnetary evidence) of Local Governmentand Associated Bodies and of Local Authorities in Greater London aLondonbHer Majesty's Stationery Officec1969 a388+p. aRedcliffe-Maud, Lord, Chairman